000 00698nam a22002057a 4500
003 OSt
005 20251120085828.0
008 251120b |||||||| |||| 00| 0 eng d
020 _a971-685-717-7.
040 _aDWC-Main Lib.
_cOC
082 _aFil. 370.71 L732m 2010
100 _aLim-Borabo, Milagros
245 _aMy practice teaching handbook and portfolio:
_bNCBTS-Based/
_cMilagros Lim-Borabo
260 _aQuezon City:
_bLorimar Pub., Inc.,
_cc2010.
300 _aviii, 159 p. :
_billustrations ;
_c28 cm.
504 _aIncludes bibliographical references.
650 _a1. Education-Handbooks, manuals, etc.
700 _aLim-Borabo, Heide Grace
942 _2ddc
_cBK - FIL
_hFil.
_n0
999 _c5839
_d5839